[Event "Avoine op 30th"]
[Site "Avoine"]
[Date "2015.07.24"]
[Round "7"]
[White "Guerlach, Keigo"]
[Black "Ouadi, Ali"]
[Result "1-0"]
[WhiteElo "2062"]
[BlackElo "1829"]
[PlyCount "47"]
[EventDate "2015.07.18"]
[EventType "swiss"]
[EventRounds "9"]
[EventCountry "FRA"]
[SourceTitle "EXT 2016"]
[Source "ChessBase"]
[SourceDate "2015.10.08"]
[SourceVersion "1"]
[SourceVersionDate "2015.10.08"]
[SourceQuality "1"]

1. e4 b6 2. Nf3 Bb7 3. d3 g6 4. g3 Bg7 5. Bg2 Nf6 6. 0-0 0-0 7. Qe2 d6 8. c3 e5 9. h3 Nbd7 10. Nh2 Qe7 11. Be3 Rad8 12. Qd2 Nc5 13. b4 Ne6 14. f4 Nh5 15. f5 Nxg3 16. Rf2 Nf4 17. Bxf4 exf4 18. Qxf4 Be5 19. Qg4 Nh5 20. d4 Nf6 21. Qh4 Bxh2+ 22. Kxh2 Kg7 23. e5 Bxg2 24. exf6+ 1-0

[Event "Avoine op 27th"]
[Site "Avoine"]
[Date "2012.07.24"]
[Round "4"]
[White "Salles, Leandro Luiz Krause"]
[Black "Ouadi, Ali"]
[Result "1-0"]
[WhiteElo "2147"]
[BlackElo "1882"]
[PlyCount "55"]
[EventDate "2012.07.21"]
[EventType "swiss"]
[EventRounds "9"]
[EventCountry "FRA"]
[SourceTitle "CBM 149 Extra"]
[Source "ChessBase"]
[SourceDate "2012.08.24"]
[SourceVersion "1"]
[SourceVersionDate "2012.08.24"]
[SourceQuality "1"]

1. e4 c5 2. Nf3 d6 3. d4 cxd4 4. Nxd4 Nf6 5. Nc3 a6 6. Bg5 e6 7. f4 Qb6 8. Qd2 Qxb2 9. Rb1 Qa3 10. e5 Nfd7 11. Rb3 Qc5 12. Ncb5 axb5 13. Rc3 dxe5 14. Nxb5 Qxc3 15. Qxc3 Na6 16. Nc7+ Nxc7 17. Qxc7 f6 18. f5 Bb4+ 19. Bd2 Bxd2+ 20. Kxd2 exf5 21. Bc4 Ke7 22. Kc1 Ra4 23. Rd1 Rf8 24. c3 Ra8 25. Rd6 Re8 26. Re6+ Kf8 27. Qd6+ Kf7 28. Rxf6# 1-0

[Event "Avoine op 24th"]
[Site "Avoine"]
[Date "2009.07.24"]
[Round "7"]
[White "Giroux, Fabrice"]
[Black "Ouadi, Ali"]
[Result "1-0"]
[WhiteElo "2183"]
[BlackElo "1898"]
[PlyCount "63"]
[EventDate "2009.07.18"]
[EventType "swiss"]
[EventRounds "9"]
[EventCountry "FRA"]
[SourceTitle "CBM 131 Extra"]
[Source "ChessBase"]
[SourceDate "2009.09.03"]
[SourceVersion "2"]
[SourceVersionDate "2009.09.16"]
[SourceQuality "1"]

1. c4 e5 2. Nc3 Nf6 3. g3 d5 4. cxd5 Nxd5 5. Bg2 Be6 6. Nf3 Nc6 7. 0-0 Be7 8. d4 exd4 9. Nxd4 Nxd4 10. Qxd4 Bf6 11. Qa4+ c6 12. Nxd5 Bxd5 13. Rd1 b5 14. Qc2 Qc8 15. e4 Bc4 16. e5 Be7 17. b3 Bd5 18. Bxd5 cxd5 19. Qxc8+ Rxc8 20. Rxd5 a6 21. Be3 Ba3 22. Rad1 0-0 23. Kg2 Rfe8 24. f4 f6 25. Kf3 Bb2 26. Bd4 Bxd4 27. R1xd4 fxe5 28. Rxe5 Rxe5 29. fxe5 Rc2 30. Rf4 Rxh2 31. e6 Rh1 32. e7 1-0

[Event "FRA-chT2 East 0708"]
[Site "France"]
[Date "2007.10.21"]
[Round "1.7"]
[White "Baujard, Anne"]
[Black "Ouadi, Ali"]
[Result "1-0"]
[WhiteElo "1926"]
[BlackElo "1936"]
[PlyCount "125"]
[EventDate "2007.10.21"]
[EventType "team"]
[EventRounds "11"]
[EventCountry "FRA"]
[SourceTitle "EXT 2009"]
[Source "ChessBase"]
[SourceDate "2008.11.26"]
[SourceVersion "1"]
[SourceVersionDate "2008.11.26"]
[SourceQuality "1"]
[WhiteTeam "Epinal"]
[BlackTeam "Strasbourg II"]
[WhiteTeamCountry "FRA"]
[BlackTeamCountry "FRA"]

1. c4 c6 2. g3 Nf6 3. Bg2 d5 4. b3 dxc4 5. bxc4 Qd4 6. Nc3 Qxc4 7. Ba3 Bf5 8. Nf3 Nbd7 9. 0-0 Qa6 10. Qb3 Be6 11. Qb2 Qb6 12. Rab1 Qxb2 13. Rxb2 Nb6 14. Bc5 Nfd7 15. Be3 Bc4 16. Bxb6 Nxb6 17. Ne5 0-0-0 18. Bh3+ Kc7 19. d3 f6 20. Nxc4 Nxc4 21. dxc4 Rd4 22. Rfb1 b6 23. Be6 Rd6 24. Bh3 Rd4 25. c5 b5 26. Rd1 e5 27. Rxd4 exd4 28. Ne4 Be7 29. Rc2 Rd8 30. Nd2 a5 31. Bf5 Rd5 32. Bxh7 Rxc5 33. Nb3 Rxc2 34. Bxc2 c5 35. Kg2 a4 36. Nd2 Kd6 37. Kf3 c4 38. Ke4 Kc5 39. Nf3 a3 40. Nxd4 Kb4 41. Kd5 Bc5 42. Nc6+ Kc3 43. Kxc5 Kxc2 44. Kb4 Kb2 45. Nd4 c3 46. e4 c2 47. Nxc2 Kxc2 48. Kxa3 Kc3 49. f4 Kd4 50. Kb4 Kxe4 51. Kxb5 Kf3 52. a4 Kg2 53. a5 Kxh2 54. a6 Kxg3 55. a7 Kxf4 56. a8Q g5 57. Qg2 f5 58. Kc4 g4 59. Kd4 g3 60. Kd3 Kg4 61. Ke3 f4+ 62. Ke4 Kg5 63. Kf3 1-0

[Event "Avoine op 22nd"]
[Site "Avoine"]
[Date "2007.07.28"]
[Round "8"]
[White "Ouadi, Ali"]
[Black "Hortas, Igor"]
[Result "0-1"]
[WhiteElo "1936"]
[BlackElo "2099"]
[PlyCount "54"]
[EventDate "2007.07.21"]
[EventType "swiss"]
[EventRounds "9"]
[EventCountry "FRA"]
[SourceTitle "EXT 2010"]
[Source "ChessBase"]
[SourceDate "2010.11.25"]
[SourceVersion "1"]
[SourceVersionDate "2010.11.25"]
[SourceQuality "1"]

1. d4 d5 2. c4 e6 3. Nc3 Nf6 4. cxd5 exd5 5. Bg5 Nbd7 6. e3 c6 7. Bd3 Qa5 8. Nge2 Ne4 9. Bf4 f5 10. f3 Nxc3 11. Nxc3 Nf6 12. Qc2 g6 13. Be5 Be7 14. 0-0 Rf8 15. Rad1 Be6 16. e4 dxe4 17. fxe4 fxe4 18. Nxe4 Nxe4 19. Bxe4 Rxf1+ 20. Rxf1 Bd5 21. Bxd5 Qxd5 22. Re1 0-0-0 23. b3 Bb4 24. Re2 Ba5 25. Qe4 Bb6 26. Qxd5 Rxd5 27. Re4 Rxe5 0-1

[Event "FRA-chT2 East 0607"]
[Site "France"]
[Date "2007.04.01"]
[Round "11.6"]
[White "Rehm, Bernard"]
[Black "Ouadi, Ali"]
[Result "1/2-1/2"]
[WhiteElo "2076"]
[BlackElo "1943"]
[PlyCount "43"]
[EventDate "2006.10.15"]
[EventType "team"]
[EventRounds "11"]
[EventCountry "FRA"]
[SourceTitle "EXT 2008"]
[Source "ChessBase"]
[SourceDate "2007.11.25"]
[SourceVersion "1"]
[SourceVersionDate "2007.11.25"]
[SourceQuality "1"]
[WhiteTeam "Selestat"]
[BlackTeam "Strasbourg II"]
[WhiteTeamCountry "FRA"]
[BlackTeamCountry "FRA"]

1. Nf3 Nf6 2. c4 c6 3. g3 d5 4. Bg2 Nbd7 5. d4 Ne4 6. 0-0 g6 7. b3 Bg7 8. Bb2 0-0 9. Nbd2 Ndf6 10. b4 Be6 11. Qc2 Qc8 12. Rfc1 Bh3 13. Bh1 Bh6 14. cxd5 cxd5 15. e3 Qe6 16. Nxe4 Nxe4 17. Qd3 Rac8 18. Nd2 Nf6 19. a4 Ng4 20. Nf1 Bxf1 21. Rxf1 f5 22. Rac1 1/2-1/2

[Event "Rohde op 06th"]
[Site "Sautron"]
[Date "2006.11.01"]
[Round "6"]
[White "Chabradze, Boris"]
[Black "Ouadi, Ali"]
[Result "1-0"]
[WhiteElo "2107"]
[BlackElo "1941"]
[PlyCount "31"]
[EventDate "2006.10.28"]
[EventType "swiss"]
[EventRounds "9"]
[EventCountry "FRA"]
[SourceTitle "EXT 2007"]
[Source "ChessBase"]
[SourceDate "2006.11.23"]
[SourceVersion "1"]
[SourceVersionDate "2006.11.23"]
[SourceQuality "1"]

1. e4 c5 2. Nf3 d6 3. d4 cxd4 4. Nxd4 Nf6 5. Nc3 a6 6. Bg5 e6 7. f4 Be7 8. Qf3 Qc7 9. 0-0-0 b5 10. e5 Bb7 11. Qg3 dxe5 12. fxe5 Nh5 13. Qh4 g6 14. Bxb5+ Kf8 15. Nxe6+ fxe6 16. Bxe7+ 1-0

[Event "FRA-chT2 East 0607"]
[Site "France"]
[Date "2006.10.15"]
[Round "1.6"]
[White "Ouadi, Ali"]
[Black "Schott, Reimund"]
[Result "1/2-1/2"]
[WhiteElo "1941"]
[BlackElo "2108"]
[PlyCount "77"]
[EventDate "2006.10.15"]
[EventType "team"]
[EventRounds "11"]
[EventCountry "FRA"]
[SourceTitle "EXT 2008"]
[Source "ChessBase"]
[SourceDate "2007.11.25"]
[SourceVersion "1"]
[SourceVersionDate "2007.11.25"]
[SourceQuality "1"]
[WhiteTeam "Strasbourg II"]
[BlackTeam "Gambsheim"]
[WhiteTeamCountry "FRA"]
[BlackTeamCountry "FRA"]

1. d4 Nf6 2. c4 e6 3. Nc3 Bb4 4. e3 0-0 5. Bd3 c5 6. Nge2 d5 7. 0-0 dxc4 8. Bxc4 Nc6 9. a3 Bxc3 10. bxc3 Qc7 11. Ba2 Rd8 12. Qc2 e5 13. Bb2 Bg4 14. Ng3 Rac8 15. h3 Be6 16. Bxe6 fxe6 17. Ne4 cxd4 18. cxd4 exd4 19. Nxf6+ gxf6 20. Qe4 Qe5 21. Qg4+ Kh8 22. exd4 Qd5 23. Rfe1 Rg8 24. Qe4 Qg5 25. Re3 Rcd8 26. Rae1 Nxd4 27. Rg3 Qd5 28. Rxg8+ Kxg8 29. Bxd4 Qxd4 30. Qxe6+ Kg7 31. Re4 Qd1+ 32. Kh2 Qd6+ 33. Qxd6 Rxd6 34. Re7+ Kg6 35. Rxb7 Ra6 36. Rb3 Ra4 37. g4 f5 38. Kg3 h5 39. f3 1/2-1/2

[Event "Rohde op 05th"]
[Site "Sautron"]
[Date "2005.10.28"]
[Round "7"]
[White "Ouadi, Ali"]
[Black "Berthelot, Yannick"]
[Result "0-1"]
[WhiteElo "1948"]
[BlackElo "2307"]
[PlyCount "50"]
[EventDate "2005.10.22"]
[EventType "swiss"]
[EventRounds "9"]
[EventCountry "FRA"]
[SourceTitle "EXT 2006"]
[Source "ChessBase"]
[SourceDate "2005.11.24"]
[SourceVersion "1"]
[SourceVersionDate "2005.11.24"]
[SourceQuality "1"]

1. d4 Nf6 2. c4 g6 3. Nc3 d5 4. cxd5 Nxd5 5. e4 Nxc3 6. bxc3 Bg7 7. Be3 c5 8. Nf3 0-0 9. Qd2 Qa5 10. Rc1 cxd4 11. cxd4 Qxd2+ 12. Kxd2 Rd8 13. Ke1 e6 14. Bd3 Nc6 15. Rc4 Bd7 16. d5 exd5 17. exd5 Ne7 18. d6 Nf5 19. Bxf5 Bxf5 20. Rc7 Rxd6 21. Rxb7 Bc3+ 22. Bd2 Re8+ 23. Kd1 Red8 24. Kc1 Bxd2+ 25. Nxd2 Rxd2 0-1

[Event "Avoine op 20th"]
[Site "Avoine"]
[Date "2005.07.30"]
[Round "8"]
[White "Marie, Maxime"]
[Black "Ouadi, Ali"]
[Result "1-0"]
[WhiteElo "2144"]
[BlackElo "1961"]
[PlyCount "73"]
[EventDate "2005.07.23"]
[EventType "swiss"]
[EventRounds "9"]
[EventCountry "FRA"]
[SourceTitle "EXT 2007"]
[Source "ChessBase"]
[SourceDate "2006.11.23"]
[SourceVersion "1"]
[SourceVersionDate "2006.11.23"]
[SourceQuality "1"]

1. e4 c5 2. Nf3 d6 3. d4 cxd4 4. Nxd4 Nf6 5. Nc3 a6 6. Bg5 e6 7. f4 Be7 8. Qf3 Qc7 9. 0-0-0 Nbd7 10. g4 b5 11. Bxf6 Nxf6 12. g5 Nd7 13. Bh3 b4 14. Nce2 Nc5 15. Ng3 Rb8 16. Kb1 a5 17. Rhf1 b3 18. cxb3 a4 19. Qc3 Qb7 20. Bg2 Bd7 21. Nh5 Bf8 22. Ka1 Rc8 23. Qe3 Qa7 24. b4 Nb3+ 25. Kb1 e5 26. Nf5 Qc7 27. Qd3 g6 28. Nf6+ Kd8 29. Nxd7 Kxd7 30. Ne3 Bg7 31. Bh3+ Kd8 32. axb3 Ra8 33. Qxd6+ Qxd6 34. Rxd6+ Kc7 35. Rd7+ Kb6 36. Nd5+ Ka6 37. Nc7+ 1-0